| 000 | 01162cam a22003135i 4500 | ||
|---|---|---|---|
| 999 |
_c28448 _d28419 |
||
| 001 | 14741275 | ||
| 003 | EG-ScBUE | ||
| 005 | 20200812140557.0 | ||
| 008 | 070221s2008 enka f b 001 0 eng d | ||
| 020 | _a1412930480 (pbk.) | ||
| 020 | _a9781412930482 (pbk.) | ||
| 035 | _a(OCoLC)ocn154762887 | ||
| 040 |
_aUKM _beng _erda _cUKM _dBTCTA _dBAKER _dYDXCP _dBWKUK _dIXA _dDLC _dEG-ScBUE |
||
| 082 | 0 | 4 |
_a659.2 _bLET _222 |
| 100 | 1 |
_aL'Etang, Jacquie, _eauthor. |
|
| 245 | 1 | 0 |
_aPublic relations : _bconcepts, practice and critique / _cJacquie L'Etang. |
| 264 | 1 |
_aLondon : _bSage Publications, _c2008. |
|
| 300 |
_axiii, 290 pages : _billustrations ; _c24 cm |
||
| 336 |
_atext _btxt _2rdacontent |
||
| 337 |
_aunmediated _bn _2rdamedia |
||
| 338 |
_avolume _bnc _2rdacarrier |
||
| 504 | _aIncludes bibliographical references and index. | ||
| 650 | 7 |
_aPublic relations. _2BUEsh |
|
| 653 |
_bCOMAME _cJuly2020 |
||
| 655 |
_vReading book _934232 |
||
| 856 | 4 | 2 |
_3Publisher description _uhttp://www.loc.gov/catdir/enhancements/fy0834/2007923330-d.html |
| 856 | 4 | 1 |
_3Table of contents only _uhttp://www.loc.gov/catdir/enhancements/fy0834/2007923330-t.html |
| 942 |
_2ddc _cBB |
||